2020/21 Aston Villa 7-2 Liverpool XI's - Statistics

General Stats
  • This quiz has been taken 12 times
  • The average score is 16 of 22
Answer Stats
Hint Answer % Correct
26 Emiliano Martinez
92%
4 Ezri Konsa
92%
7 John McGinn
92%
66 Alexander-Arnold
83%
10 Jack Grealish
83%
2 Matty Cash
83%
11 Mohamed Salah
83%
11 Ollie Watkins
83%
5 Tyrone Mings
83%
13 Adrian
75%
20 Ross Barkley
75%
4 Virgil Van Dijk
75%
26 Andrew Robertson
67%
3 Fabinho
67%
9 Roberto Firmino
67%
20 Diogo Jota
58%
6 Douglas Luiz
58%
12 Joe Gomez
58%
5 Georginio Wijnaldum
50%
8 Naby Keita
50%
17 Trezeguet
50%
18 Matt Targett
33%
No matching quizzes found
Score Distribution
Percent of People with Each Score
Percentile by Number Answered
Your Score History
You have not taken this quiz